LEADER 01390nam0-2200385---450 001 990009760920403321 005 20170613104248.0 035 $a000976092 035 $aFED01000976092 035 $a(Aleph)000976092FED01 035 $a000976092 100 $a20130917d2003----km-y0itay50------ba 101 0 $aita$alat 102 $aIT 105 $ay-------001yy 200 1 $a<>regesto del Monastero dei SS. Andrea e Gregorio ad Clivum Scauri$fa cura di Alberto Bartola 210 $aRoma$cSocietā romana di storia patria$d2003 215 $a2 v.$d24 cm 225 1 $aCodice diplomatico di Roma e della Regione Romana$v7, 1/2 327 0 $a1.: Introduzione, appendici e indici. - CCCX p.$a2.: Documenti. - 654 p. 610 0 $aRoma$aStoria$aSec. 11.-15.$aDocumenti 610 0 $aRoma$aSec. 11.-15.$aStoria$aDocumenti 610 0 $aCodice diplomatico di Roma e della Regione Romana$aRoma$aSan Gregorio$aFonti 610 0 $aAbbazia dei Santissimi Andrea e Gregorio$aRegesti 676 $a945.63204 676 $a271.1 702 1$aBartola,$bAlberto 801 0$aIT$bUNINA$gRICA$2UNIMARC 901 $aBK 912 $a990009760920403321 952 $a945.632 CDR 7 (2)$bBibl. 63368$fFLFBC 952 $a945.632 CDR 7 (1)$bBibl. 2017/234$fFLFBC 959 $aFLFBC 996 $aRegesto del Monastero dei SS. Andrea e Gregorio ad Clivum Scauri$9834651 997 $aUNINA LEADER 01053nam0 2200289 450 001 000031777 005 20130219114951.0 100 $a20120315d1955----km-y0itaa50------ba 101 1 $aita 102 $aIT 200 1 $aAntologia$fAristotele$g[scelta, traduzione e introduzione a cura di Rodolfo Mondolfo]$g[commento e glossario a cura di Domenico Pesce] 210 $aFirenze$c<> Nuova Italia$d1955 215 $aVI, 174 p.$d20 cm 225 2 $aPensatori antichi e moderni$v49 410 0$12001$aPensatori antichi e moderni$v49 700 1$aAristoteles$04207 702 1$aMondolfo,$bRodolfo 702 1$aPesce,$bDomenico 801 0$aIT$bUniversitā della Basilicata - B.I.A.$gRICA$2unimarc 912 $a000031777 996 $aAntologia$998440 997 $aUNIBAS BAS $aLETTERE CAT $aSTD078$b01$c20120315$lBAS01$h1214 CAT $aTTM$b30$c20130219$lBAS01$h1149 FMT Z30 -1$lBAS01$LBAS01$mBOOK$1BASA1$APolo Storico-Umanistico$2GEN$BCollezione generale$3FP/48554$648554$5L48554$820120315$f02$FPrestabile Generale LEADER 01464nam 2200457Ka 450 001 9910695548103321 005 20070208101607.0 035 $a(CKB)5470000002371290 035 $a(OCoLC)82366806 035 $a(EXLCZ)995470000002371290 100 $a20070208d2000 ua 0 101 0 $aeng 181 $ctxt$2rdacontent 182 $cc$2rdamedia 183 $acr$2rdacarrier 200 10$aBOREAS TE-19 ecosystem carbon balance model$b[electronic resource] /$fSteve Frolking 210 1$aGreenbelt, Md. :$cNASA Goddard Space Flight Center,$d[2000] 215 $a1 volume $cdigital, PDF file 225 1 $aTechnical report series on the Boreal Ecosystem-Atmosphere Study (BOREAS) ;$v180 225 1 $aNASA/TM ;$v2000-209891, v. 180 300 $aTitle from title screen (viewed on Feb. 8, 2007). 300 $a"October 2000." 320 $aIncludes bibliographical references. 606 $aCarbon$2nasat 606 $aEcosystems$2nasat 606 $aEnvironment models$2nasat 606 $aPhotosynthesis$2nasat 606 $aSoils$2nasat 615 7$aCarbon. 615 7$aEcosystems. 615 7$aEnvironment models. 615 7$aPhotosynthesis. 615 7$aSoils. 700 $aFrolking$b Steve$01420670 712 02$aGoddard Space Flight Center. 801 0$bGPO 801 1$bGPO 906 $aBOOK 912 $a9910695548103321 996 $aBOREAS TE-19 ecosystem carbon balance model$93539393 997 $aUNINA